La teoría de la justicia de Michael Walzer frente al pluralismo y la desigualdad educativa en México /

Saved in:
Bibliographic Details
Main Author: Aguilar Sahagún, José
Format: Text
Subjects:
Tags: Add Tag
No Tags, Be the first to tag this record!

MARC

LEADER 00000 a a2200000 04500
001 41590
003
040
100 |a Aguilar Sahagún, José  
245 |a La teoría de la justicia de Michael Walzer frente al pluralismo y la desigualdad educativa en México /  |c José Aguilar Sahagún  
650 |a JUSTICIA SOCIAL/  
650 |a BIENESTAR SOCIAL/  
650 |a EDUCACION/  
650 |a DESARROLLO DE LA COMUNIDAD/  
650 |a POLITICA/  
650 |a FILOSOFIA/  
650 |a MEXICO  
773 |g número111 ( , 2006), 105-120  
999 |c 36270  |d 36270